000 nam a22 7a 4500
999 _c7032
_d7032
005 20190130034032.0
008 190130b xxu||||| |||| 00| 0 eng d
020 _a9712717801
_bpaperback
040 _beng
_cAPEC Schools Library
_erda
082 _aF 899.211
_bAl445p 2006
100 _aAlmario, Virgilio S.
245 _aPag-unawa sa ating pagtula :
_bpagsusuri at kasaysayan ng panulaang Filipino /
_cVirgilio S. Almario
264 _aPasig City :
_bAnvil Pub.,
_c©2006.
_d2006.
300 _a436 pages ;
_c24 cm.
336 _2rdacontent
_atext
337 _2rdamedia
_aunmediated
338 _2rdacarrier
_avolume
650 _aTagalog poetry.
942 _2ddc
_cBK